Introducing physical geography
Збережено в:
| Автор: | |
|---|---|
| Формат: | Книга |
| Мова: | Англійська |
| Опубліковано: |
New Brunswick
Wiley
2013
|
| Редагування: | 6a. ed |
| Предмети: | |
| Теги: |
Додати тег
Немає тегів, Будьте першим, хто поставить тег для цього запису!
|
MARC
| LEADER | 00000cam a2200000 a 4500 | ||
|---|---|---|---|
| 001 | UCD3859 | ||
| 003 | CL-VaPUC | ||
| 008 | 160616e20130000us |||||||||||||||||eng|d | ||
| 020 | |a 9781118396209 | ||
| 020 | |a 9781118291931 | ||
| 082 | 0 | 4 | |a 910.02 |b STR |2 21 |
| 100 | 0 | |a Strahler, Alan H |e author |9 587480 | |
| 245 | 1 | 0 | |a Introducing physical geography |
| 250 | |a 6a. ed | ||
| 300 | |a 641 p | ||
| 942 | |c BK | ||
| 945 | |d 20160616 22:39:00 |a arojas | ||
| 260 | |a New Brunswick |b Wiley |c 2013 | ||
| 650 | 0 | |a Geografía física |9 259347 | |
| 650 | 0 | |a Geomorfología |9 261377 | |
| 650 | 0 | |a Geología |9 260984 | |
| 650 | 0 | |a Clima |9 265281 | |
| 650 | 0 | |a Suelos |9 260322 | |
| 650 | 0 | |a Mapas |9 260844 | |
| 650 | 0 | |a Topografía |9 260423 | |
| 650 | 0 | |a Atmósfera |9 261875 | |
| 650 | 0 | |a Océanos |9 344473 | |
| 650 | 0 | |a Volcanes |9 344502 | |
| 583 | |a last modification |c 20160616 22:39:00 |k Rodrigo Vera | ||
| 999 | |c 364874 |d 364872 | ||
| 952 | |0 0 |1 0 |3 erb |4 0 |6 910_020000000000000_STR_2013 |7 0 |8 A |9 478471 |a BIBING |b BIBING |i 5293235 |l 3 |o 910.02 STR 2013 |p 5293235 |r 2025-04-21 |s 2025-04-21 |w 2019-11-24 |y BK |z Catalogado en:20160616 |k GEO | ||